000 01012nam a22002897i 4500
003 EG-GICUC
005 20260121101554.0
008 251231s1954 uk ||||fr|||| 001 0 eng d
040 _aEG-GiCUC
_cEG-GiCUC
_dEG-GiCUC
_erda
_beng
041 _aeng
082 0 4 _221
_a341.3041
_bAL . C
092 0 4 _221
099 _aLaw1 11 341.3041 AL . C 1954
100 1 _aAllen, H. C.
_eAuthor.
245 1 0 _aGreat Britain And The United States :
_bA History Of Anglo-American Relations (1783-1952) /
_cBy H. C. Allen.
264 1 _aLondon :
_bOdhams press Limited،
_c1954.
300 _a1024 pages ;
_c24 cm.
336 _2rda content
_atext
337 _2rda media
_aComputer
338 _2rda carrier
_aOnline Resource
504 _aIncludes Bibliographic references And Index.
546 _aText in English
650 1 4 _aInternational Relations
_xPublic international law
_zBritain
_zThe United States
856 4 0 _uhttps://fll.law.cu.edu.eg/fulltext/bks/B11-06662.pdf
905 _a75
942 _2ddc
_cBK
_e21
_n0
999 _c53399
_d53399